000 00637nam a2200241 i 4500
001 C2-0114031
003 PPAK
005 20180727104511.0
008 970702s1994 enka|||| ||||| | eng d
020 _a1854062034
040 _aPPAK
_beng
_cPPAK
_erda
082 0 4 _a823
_223
090 0 0 _a823
_bSAG
_dK
100 1 _aSage, James,
_eauthor
245 1 0 _aCoyote makes man
264 1 _aLondon :
_bABC ,
_c1994
300 _a[23 pages] :
_bcolour illustrations ;
_c22 cm
336 _2rdacontent
_atext
337 _2rdamedia
_aunmediated
338 _2rdacarrier
_avolume
650 1 0 _aChildren's stories, English
942 _ddc
_cB
999 _c29015
_d29015